[Event "10th American Continental"]
[Site "Montevideo URU"]
[Date "2015.05.24"]
[Round "11.22"]
[White "Pereira, Silvio Cunha"]
[Black "Santiago, Yago De Moura"]
[Result "1-0"]
[WhiteTitle "FM"]
[BlackTitle "IM"]
[WhiteElo "2284"]
[BlackElo "2400"]
[WhiteFideId "2100703"]
[BlackFideId "2103877"]
[EventDate "2015.05.15"]
[EventType "swiss"]

1. e4 e6 2. d4 d5 3. Nc3 Nf6 4. Bg5 Be7 5. e5 Nfd7 6. h4 Nc6 7. Nh3 f6 8. exf6
Nxf6 9. Bb5 O-O 10. Nf4 Qe8 11. Nd3 h6 12. Ne5 Bd6 13. Bxf6 Rxf6 14. Qd2 Bd7 15.
Bxc6 bxc6 16. f4 Qe7 17. Na4 Raf8 18. g3 Be8 19. O-O-O c5 20. Nxc5 Bxc5 21. dxc5
Qxc5 22. b4 Qb5 23. Qc3 a5 24. a3 axb4 25. axb4 Bg6 26. Qc5 Qa4 27. Kd2 Be4 28.
Ra1 Qe8 29. Rh2 Rg6 30. Ra3 h5 31. Qxc7 Qb5 32. Qc5 Qf1 33. Nxg6 Bxg6 34. Ra7
Rxf4 35. gxf4 Qxf4+ 36. Kc3 Qxh2 37. Kb2 Qe5+ 38. Ka2 Qe2 39. Rc7 Bd3 40. Ka3
Bc4 41. Qd4 e5 42. Qc3 Qh2 43. Qf3 Qf4 44. Rc8+ Kf7 45. Qxh5+ Ke6 46. Qg6+ 1-0

[Event "10th American Continental"]
[Site "Montevideo URU"]
[Date "2015.05.24"]
[Round "11.23"]
[White "Sanhueza, Cristian"]
[Black "El Debs, Felipe de Cresce"]
[Result "1/2-1/2"]
[BlackTitle "GM"]
[WhiteElo "2195"]
[BlackElo "2527"]
[WhiteFideId "116815"]
[BlackFideId "2106981"]
[EventDate "2015.05.15"]
[EventType "swiss"]

1. e4 c5 2. Nf3 g6 3. d4 cxd4 4. Nxd4 Bg7 5. Nc3 Nc6 6. Be3 Nf6 7. Bc4 O-O 8.
Bb3 e6 9. O-O d5 10. exd5 exd5 11. h3 Be6 12. Re1 Qd7 13. Nxe6 fxe6 14. Qe2 Kh8
15. Rad1 Qf7 16. Bc5 Rfe8 17. Nb5 Ne4 18. Be3 a6 19. Nd4 Na5 20. c3 Nxb3 21.
Nxb3 e5 22. Nd2 Nxd2 23. Qxd2 Rad8 24. Bh6 d4 25. Bxg7+ Kxg7 26. cxd4 exd4 27.
Rxe8 Qxe8 28. Qb4 Qd7 29. Re1 Kf7 30. Qc4+ Qd5 31. Qc7+ Rd7 32. Qc8 Re7 33.
Rxe7+ Kxe7 34. Qc7+ Kf6 35. Qxh7 d3 36. Qh4+ g5 37. Qh8+ Ke7 38. Qg7+ Kd8 39.
Qh8+ Kc7 40. Qc3+ Kb8 41. Qd2 Ka7 42. Qe3+ b6 43. Qe7+ Kb8 44. Qf8+ Kc7 45. Qg7+
Kc6 46. Qc3+ Kb5 47. b3 a5 48. a4+ Ka6 49. Qc8+ Ka7 50. Qc7+ Ka8 51. Qc8+ Ka7
52. Qc7+ 1/2-1/2

[Event "10th American Continental"]
[Site "Montevideo URU"]
[Date "2015.05.24"]
[Round "11.24"]
[White "Choma, Ernani Francisco"]
[Black "Izquierdo, Daniel"]
[Result "1/2-1/2"]
[WhiteTitle "FM"]
[BlackTitle "FM"]
[WhiteElo "2361"]
[BlackElo "2190"]
[WhiteFideId "2106922"]
[BlackFideId "3000044"]
[EventDate "2015.05.15"]
[EventType "swiss"]

1. Nf3 d5 2. c4 c6 3. g3 Nf6 4. Bg2 Bf5 5. O-O e6 6. cxd5 exd5 7. d3 Bc5 8. Qc2
Nbd7 9. Nc3 h6 10. e4 dxe4 11. dxe4 Bh7 12. a3 O-O 13. b4 Bb6 14. Bf4 Re8 15.
Rfe1 Qe7 16. Qb3 Ng4 17. Ra2 Nde5 18. Nxe5 Nxe5 19. Rd2 1/2-1/2

[Event "10th American Continental"]
[Site "Montevideo URU"]
[Date "2015.05.24"]
[Round "11.25"]
[White "Sanchez Sandoval, Gonzalo"]
[Black "Acosta, Pablo Ismael"]
[Result "1/2-1/2"]
[BlackTitle "IM"]
[WhiteElo "2187"]
[BlackElo "2320"]
[WhiteFideId "3414167"]
[BlackFideId "124311"]
[EventDate "2015.05.15"]
[EventType "swiss"]

1. e4 c5 2. Nf3 d6 3. d4 cxd4 4. Nxd4 Nf6 5. Nc3 a6 6. Bg5 e6 7. f4 Be7 8. Qf3
Qc7 9. O-O-O Nbd7 10. Bd3 b5 11. Rhe1 h6 12. Bxf6 Nxf6 13. e5 Bb7 14. Qh3 O-O
15. Nxe6 fxe6 16. Qxe6+ Kh8 17. exf6 Bxf6 18. Qf5 g5 19. Qh3 Qg7 20. fxg5 Qxg5+ 1/2-1/2

[Event "10th American Continental"]
[Site "Montevideo URU"]
[Date "2015.05.24"]
[Round "11.26"]
[White "Carvalho, Herbert Abreu"]
[Black "Valenzuela Gomez, Fernando"]
[Result "1/2-1/2"]
[WhiteElo "2157"]
[BlackElo "2282"]
[WhiteFideId "2100541"]
[BlackFideId "3409392"]
[EventDate "2015.05.15"]
[EventType "swiss"]

1. Nf3 Nf6 2. c4 e6 3. g3 b6 4. Bg2 Bb7 5. O-O g6 6. Nc3 Bg7 7. d4 Ne4 8. Bd2
Nxc3 9. Bxc3 Be4 10. Rc1 d6 11. Ne1 Bxg2 12. Nxg2 O-O 13. e4 Nd7 14. f4 Nf6 15.
Qd3 d5 16. e5 Ne4 17. Ne3 c6 18. cxd5 cxd5 19. Ng4 Qd7 20. Nf2 f5 21. exf6 Nxf6
22. Rfe1 Rac8 23. Re3 Qf7 24. Rce1 Rfe8 25. Qe2 Rc6 26. Qb5 Qd7 27. a4 Kh8 28.
Kg2 Qc8 29. Qe2 a6 30. h4 Kg8 31. g4 Qc7 32. Qxa6 Qxf4 33. Qb7 Nxg4 34. Nxg4 Rc7
35. Qxb6 Qxg4+ 36. Rg3 Qf4 37. Rf3 Qg4+ 38. Rg3 Qf4 39. Rf3 Qg4+ 1/2-1/2

[Event "10th American Continental"]
[Site "Montevideo URU"]
[Date "2015.05.24"]
[Round "11.27"]
[White "Aranha Filho, Alvaro Z."]
[Black "Saralegui, Mario"]
[Result "1-0"]
[WhiteTitle "FM"]
[WhiteElo "2270"]
[BlackElo "2125"]
[WhiteFideId "2103931"]
[BlackFideId "3000419"]
[EventDate "2015.05.15"]
[EventType "swiss"]

1. Nf3 d5 2. c4 c6 3. d4 Nf6 4. Qc2 g6 5. Bf4 Bg7 6. e3 Bf5 7. Qb3 Qb6 8. Nc3
Nbd7 9. Be2 O-O 10. O-O Be6 11. Qa3 Qd8 12. c5 Bg4 13. h3 Bxf3 14. Bxf3 Re8 15.
Rad1 e5 16. Bh2 h6 17. b4 Nh7 18. Be2 exd4 19. exd4 Ng5 20. b5 Ne6 21. bxc6 bxc6
22. Ba6 Nxd4 23. Bb7 Rb8 24. Bxb8 Qxb8 25. Ba6 Qf4 26. g3 Qf5 27. Kg2 Qf3+ 28.
Kh2 Nc2 29. Qa4 Qxc3 30. Rc1 Nxc5 31. Qxc6 Rb8 32. Be2 Rb2 33. Qxd5 Qd4 34. Qa8+
Kh7 35. Qxa7 Ne6 36. Qxf7 Ng5 37. Qe8 Qd5 38. h4 Nd4 39. Bc4 Ngf3+ 40. Kh1 1-0

[Event "10th American Continental"]
[Site "Montevideo URU"]
[Date "2015.05.24"]
[Round "11.28"]
[White "Markzon, Gregory"]
[Black "Curi, Gabriel"]
[Result "1/2-1/2"]
[WhiteTitle "FM"]
[BlackTitle "FM"]
[WhiteElo "2156"]
[BlackElo "2253"]
[WhiteFideId "2003694"]
[BlackFideId "3000400"]
[EventDate "2015.05.15"]
[EventType "swiss"]

1. d4 d5 2. c4 c6 3. Nc3 Nf6 4. e3 e6 5. Nf3 Nbd7 6. Qc2 Bd6 7. b3 O-O 8. Be2 e5
9. cxd5 Nxd5 10. Nxd5 cxd5 11. dxe5 Nxe5 12. Bd2 Nxf3+ 13. Bxf3 Qf6 14. Qd1 Bf5
15. O-O Be4 16. Bxe4 dxe4 17. Rc1 Rac8 18. g3 Ba3 19. Rc4 Qe6 20. Bb4 Rfd8 21.
Rxc8 Qxc8 22. Qe1 Bxb4 23. Qxb4 Re8 24. Qd4 a6 25. Rd1 g6 26. h4 h5 27. Qd5 b5
28. Rd4 Qg4 29. Qc6 Rc8 30. Qxe4 Rc1+ 31. Kg2 Qxe4+ 32. Rxe4 Rc2 33. a4 bxa4 34.
bxa4 Ra2 35. Rd4 Kg7 36. e4 Ra3 37. e5 Kf8 38. f3 Ke7 39. Rf4 a5 40. Rc4 Ra2+
41. Kh3 Ke6 42. f4 Ke7 1/2-1/2

[Event "10th American Continental"]
[Site "Montevideo URU"]
[Date "2015.05.24"]
[Round "11.29"]
[White "Granara Barreto, Sebastian"]
[Black "Hernandez, Cristian Andres"]
[Result "1/2-1/2"]
[WhiteTitle "FM"]
[BlackTitle "IM"]
[WhiteElo "2147"]
[BlackElo "2250"]
[WhiteFideId "3000494"]
[BlackFideId "4402308"]
[EventDate "2015.05.15"]
[EventType "swiss"]

1. c4 e5 2. g3 Nf6 3. Bg2 h6 4. Nc3 Bb4 5. Nd5 Nxd5 6. cxd5 O-O 7. Nf3 Re8 8. a3
Bf8 9. d4 d6 10. O-O a5 11. dxe5 dxe5 12. e4 a4 13. Be3 Nd7 14. Rc1 b6 15. Ne1
Bc5 16. Nc2 Bxe3 17. Nxe3 Nc5 18. Rc3 Ra5 19. Re1 Ba6 20. Nc2 Qd6 21. Nb4 Bb5
22. Bf1 Qd7 23. Bxb5 Rxb5 24. Qe2 Ra5 25. Nc6 Raa8 26. g4 f6 27. h4 g5 28. h5
Rf8 29. f3 Rf7 30. Rd1 Qd6 31. Qe3 1/2-1/2

[Event "10th American Continental"]
[Site "Montevideo URU"]
[Date "2015.05.24"]
[Round "11.30"]
[White "Lopez Falcon, Jorge"]
[Black "Pardo, Alejandro"]
[Result "1-0"]
[WhiteElo "2138"]
[BlackElo "2247"]
[WhiteFideId "3000850"]
[BlackFideId "4402880"]
[EventDate "2015.05.15"]
[EventType "swiss"]

1. d4 Nf6 2. Nf3 e6 3. Bg5 Be7 4. e3 b6 5. Bd3 Bb7 6. Nbd2 c5 7. c3 O-O 8. O-O
d6 9. Re1 Nc6 10. a4 Re8 11. e4 Rc8 12. Qe2 cxd4 13. Nxd4 h6 14. Bh4 Qc7 15. Bg3
Bf8 16. Nxc6 Bxc6 17. Ba6 Rcd8 18. Bb5 Nd7 19. Qc4 Rc8 20. Ba6 Rb8 21. b4 Rec8
22. Bxc8 Rxc8 23. b5 Bb7 24. Qxc7 Rxc7 25. c4 Ne5 26. Rec1 Be7 27. a5 Nd3 28.
axb6 axb6 29. Rd1 Rd7 30. Ra7 Bg5 31. Kf1 Kf8 32. Ke2 Nf4+ 33. Bxf4 Bxf4 34. Nf3
h5 35. g3 Bh6 36. Ne5 1-0

[Event "10th American Continental"]
[Site "Montevideo URU"]
[Date "2015.05.24"]
[Round "11.31"]
[White "Fernandez, Maria Florencia"]
[Black "Ibanez, Marcelo"]
[Result "1-0"]
[WhiteTitle "WIM"]
[WhiteElo "2200"]
[BlackElo "1963"]
[WhiteFideId "116459"]
[BlackFideId "3002691"]
[EventDate "2015.05.15"]
[EventType "swiss"]

1. d4 g6 2. c4 Bg7 3. Nc3 d6 4. Nf3 Nd7 5. e4 e5 6. d5 Ngf6 7. h3 Qe7 8. Bg5 a5
9. Bd3 Nc5 10. Bc2 Bd7 11. Qd2 h6 12. Be3 Nh5 13. g4 Nf4 14. Bxf4 exf4 15. Qxf4
f5 16. gxf5 gxf5 17. O-O-O Bxc3 18. bxc3 fxe4 19. Nd2 Rf8 20. Qe3 Bf5 21. Rde1
O-O-O 22. f3 Rde8 23. Nb3 Nxb3+ 24. axb3 Kb8 25. fxe4 Qh4 26. c5 Bxe4 27. cxd6
cxd6 28. Bxe4 Rf4 29. Qb6 Rfxe4 30. Qxd6+ Ka8 31. Rxe4 Rxe4 32. Qf8+ Ka7 33.
Qc5+ b6 34. Qc7+ Ka6 35. Qc8+ Ka7 36. Rd1 Re2 37. Qc7+ Ka8 38. Qc8+ Ka7 39. Qc7+
Ka8 40. Qxb6 Qf4+ 41. Kb1 Qe4+ 42. Ka1 1-0

[Event "10th American Continental"]
[Site "Montevideo URU"]
[Date "2015.05.24"]
[Round "11.32"]
[White "Starke, Bruno Orlando"]
[Black "Caetano, Hugo Zanotti Mendonca"]
[Result "1/2-1/2"]
[WhiteElo "2133"]
[BlackElo "2199"]
[WhiteFideId "2128713"]
[BlackFideId "2119420"]
[EventDate "2015.05.15"]
[EventType "swiss"]

1. d4 d5 2. c4 e6 3. Nf3 c6 4. Nbd2 f5 5. g3 Bd6 6. Bg2 Nf6 7. O-O O-O 8. b3
Nbd7 9. a4 Qe7 10. Bb2 Ne4 1/2-1/2

[Event "10th American Continental"]
[Site "Montevideo URU"]
[Date "2015.05.24"]
[Round "11.33"]
[White "Disconzi da Silva, Rodrigo"]
[Black "Monteiro, Artur Fernando"]
[Result "1-0"]
[WhiteTitle "IM"]
[WhiteElo "2339"]
[BlackElo "1972"]
[WhiteFideId "2100991"]
[BlackFideId "2108380"]
[EventDate "2015.05.15"]
[EventType "swiss"]

1. c4 Nf6 2. g3 g6 3. Bg2 Bg7 4. Nc3 c5 5. Nf3 O-O 6. d4 cxd4 7. Nxd4 Nc6 8. c5
d5 9. cxd6 Nxd4 10. dxe7 Qxe7 11. Qxd4 Bg4 12. Bg5 Qe6 13. O-O h6 14. Be3 Rfd8
15. Qa4 Bh3 16. Rfd1 Bxg2 17. Kxg2 Nd5 18. Nxd5 Rxd5 19. Rxd5 Qxd5+ 20. Kg1 Bxb2
21. Rd1 Qh5 22. Qb3 Qxe2 23. Rd7 Rf8 24. Qxb7 a5 25. Qd5 a4 26. Bc5 Qe6 27. Qxe6
fxe6 28. Bxf8 Kxf8 29. Kf1 Ke8 30. Ra7 a3 31. Ke2 1-0

[Event "10th American Continental"]
[Site "Montevideo URU"]
[Date "2015.05.24"]
[Round "11.34"]
[White "Kimelman, Gabriel"]
[Black "Matsuura, Frederico"]
[Result "0-1"]
[WhiteTitle "CM"]
[BlackTitle "FM"]
[WhiteElo "2067"]
[BlackElo "2270"]
[WhiteFideId "3003035"]
[BlackFideId "2107848"]
[EventDate "2015.05.15"]
[EventType "swiss"]

1. c4 c6 2. Nf3 d5 3. d4 Nf6 4. Qb3 e6 5. g3 Nbd7 6. Bg2 Bd6 7. Nc3 O-O 8. O-O
Qe7 9. Re1 b6 10. e4 dxe4 11. Nxe4 Nxe4 12. Rxe4 Bb7 13. Bg5 Nf6 14. Ree1 Qc7
15. Bxf6 gxf6 16. Re4 f5 17. Rh4 Be7 18. Rh5 Bf6 19. Qe3 Bg7 20. g4 fxg4 21. Ng5
Rfe8 22. Nxh7 f6 23. h3 gxh3 24. Qxh3 Rad8 25. Qg4 Qe7 26. Kh1 f5 27. Qh3 Rxd4
28. Ng5 Rg4 29. Nf3 c5 30. Rg1 Rd8 31. Nh4 Qf7 32. Nf3 Rd3 33. Qh2 Rxf3 34. Qb8+
Bf8 35. Rh2 Be4 36. Qe5 Bg7 37. Qb8+ Qf8 38. Qxa7 Rxf2 39. Qxb6 Qe8 40. Rd1
Rfxg2 0-1

[Event "10th American Continental"]
[Site "Montevideo URU"]
[Date "2015.05.24"]
[Round "11.35"]
[White "Teixeira, Ricardo da Silva"]
[Black "Acosta, Mariano USA"]
[Result "1-0"]
[WhiteTitle "FM"]
[WhiteElo "2223"]
[BlackElo "1967"]
[WhiteFideId "2100126"]
[BlackFideId "2008629"]
[EventDate "2015.05.15"]
[EventType "swiss"]

1. c4 g6 2. Nc3 Bg7 3. g3 e5 4. e4 Nc6 5. Bg2 d6 6. Nge2 Nge7 7. d3 Nd4 8. Nxd4
exd4 9. Ne2 f5 10. Bg5 fxe4 11. Bxe4 c6 12. Qd2 O-O 13. h4 Bf5 14. h5 Qd7 15.
hxg6 Nxg6 16. Bxf5 Qxf5 17. f4 Rae8 18. Bh6 Re3 19. Bxg7 Kxg7 20. O-O-O c5 21.
Kb1 Qg4 22. Nc1 Qxg3 23. Rdg1 Qxf4 24. Qg2 Qf7 25. Qh2 Kg8 26. Qxd6 b6 27. Qh2
Re6 28. Ne2 Rf6 29. Ng3 Rf2 30. Qh5 Qg7 31. Ne4 R2f5 32. Qh2 Rf4 33. Qg2 Kh8 34.
Ng5 Rh4 35. Ne6 Rxh1 36. Qxh1 Qf7 37. Nxf8 Nxf8 38. Qa8 Qf5 39. Ka1 a5 40. a3
Qf2 41. Qg2 Qxg2 42. Rxg2 Ng6 43. b4 axb4 44. axb4 Kg7 45. bxc5 bxc5 46. Rg5 Kf6
47. Rxc5 Nf4 48. Kb1 h5 49. Kc2 h4 50. Ra5 h3 51. Ra1 Kg5 52. c5 Nd5 53. Kb3 Kg4
54. Kc4 Ne3+ 55. Kb5 Kg3 56. c6 h2 57. c7 Nf5 58. Kc5 Ne7 59. Kxd4 Kg2 60. Ke5 1-0

[Event "10th American Continental"]
[Site "Montevideo URU"]
[Date "2015.05.24"]
[Round "11.36"]
[White "Dominguez, Facundo"]
[Black "El Ters, Antouan"]
[Result "0-1"]
[WhiteElo "1947"]
[BlackElo "2208"]
[WhiteFideId "3005178"]
[BlackFideId "3000150"]
[EventDate "2015.05.15"]
[EventType "swiss"]

1. e4 c5 2. Nc3 Nc6 3. g3 g6 4. Bg2 Bg7 5. d3 Nf6 6. Be3 d6 7. h3 O-O 8. Nf3 d5
9. e5 Nxe5 10. Nxe5 d4 11. Bd2 dxc3 12. bxc3 Nd5 13. d4 Be6 14. O-O Rc8 15. Rb1
cxd4 16. cxd4 Nb6 17. Ba5 Bxa2 18. Bxb6 axb6 19. Rb4 Bd5 20. Bxd5 Qxd5 21. Rxb6
Rc7 22. Re1 Rd8 23. Qb1 Qxd4 24. Rb4 Qd5 25. Nd3 Bd4 26. Nf4 Qf3 0-1

[Event "10th American Continental"]
[Site "Montevideo URU"]
[Date "2015.05.24"]
[Round "11.37"]
[White "Ibanez, Juan Rodrigo"]
[Black "Contreras, Henry"]
[Result "1-0"]
[WhiteTitle "CM"]
[BlackTitle "FM"]
[WhiteElo "2059"]
[BlackElo "2193"]
[WhiteFideId "3002071"]
[BlackFideId "4400623"]
[EventDate "2015.05.15"]
[EventType "swiss"]

1. e4 c5 2. Nc3 a6 3. g3 Nc6 4. Bg2 g6 5. d3 Bg7 6. Nf3 e6 7. O-O Nge7 8. Re1 d6
9. Be3 Nd4 10. Qd2 h6 11. Nd1 Rb8 12. c3 Nxf3+ 13. Bxf3 b5 14. d4 c4 15. Bg2 d5
16. Bf4 Ra8 17. a4 Bb7 18. axb5 axb5 19. Rxa8 Qxa8 20. exd5 Nxd5 21. Bd6 Qd8 22.
Ba3 Bf8 23. Bxf8 Kxf8 24. Ne3 Kg7 25. Nxd5 Bxd5 26. Qf4 Bxg2 27. Kxg2 Qd5+ 28.
Qf3 Ra8 29. Re5 Qxf3+ 30. Kxf3 Ra5 31. Rc5 f5 32. g4 Kf6 33. gxf5 exf5 34. Rc6+
Kg5 35. Rb6 h5 36. d5 b4 37. Rxb4 Rxd5 38. Rxc4 Rd3+ 39. Ke2 Rd8 40. h4+ Kf6 41.
Rc6+ Ke5 42. Rxg6 Kf4 43. Rg3 Ra8 44. b4 Ra2+ 45. Kd3 Rxf2 46. Rg5 Rh2 47. Rxh5
Kg4 48. Rg5+ Kf4 49. Kd4 Rxh4 50. Rg7 Kf3+ 51. Kd5 f4 52. b5 Rh1 53. c4 Rb1 54.
Kc6 Ke2 55. c5 f3 56. b6 f2 57. Rf7 f1=Q 58. Rxf1 Rxf1 59. b7 Rf8 60. Kc7 Ke3 1-0

[Event "10th American Continental"]
[Site "Montevideo URU"]
[Date "2015.05.24"]
[Round "11.38"]
[White "Arcos Facio, Mateo"]
[Black "Carbone, Diego"]
[Result "1/2-1/2"]
[WhiteTitle "FM"]
[BlackTitle "CM"]
[WhiteElo "2184"]
[BlackElo "2052"]
[WhiteFideId "3001199"]
[BlackFideId "3002179"]
[EventDate "2015.05.15"]
[EventType "swiss"]

1. e4 c5 2. a3 e6 3. b4 b6 4. Bb2 Bb7 5. Nc3 Nc6 6. bxc5 bxc5 7. Nf3 a6 8. e5 d5
9. exd6 Nf6 10. Bd3 Nd4 1/2-1/2

[Event "10th American Continental"]
[Site "Montevideo URU"]
[Date "2015.05.24"]
[Round "11.39"]
[White "Colman, Matias"]
[Black "Madeira, Wagner Martins"]
[Result "0-1"]
[BlackTitle "FM"]
[WhiteElo "2036"]
[BlackElo "2179"]
[WhiteFideId "3000699"]
[BlackFideId "2100797"]
[EventDate "2015.05.15"]
[EventType "swiss"]

1. d4 d6 2. c4 e5 3. d5 f5 4. Nc3 Nf6 5. Bg5 Be7 6. g3 O-O 7. Bg2 Qe8 8. e4 Qg6
9. Bxf6 Rxf6 10. Bh3 Na6 11. Qe2 Nc5 12. f3 fxe4 13. Nxe4 Nxe4 14. Qxe4 Bxh3 15.
Nxh3 Raf8 16. Qxg6 hxg6 17. Ng1 e4 18. f4 g5 19. Nh3 gxf4 20. Nxf4 Rf5 21. Ng6
R8f7 22. Nxe7+ Rxe7 23. Ke2 Ref7 24. Raf1 Rxf1 25. Rxf1 Rxf1 26. Kxf1 Kf7 27.
Ke2 Kf6 28. Ke3 Ke5 29. h4 c6 30. dxc6 bxc6 31. b4 d5 32. cxd5 cxd5 33. b5 d4+
34. Ke2 Kd5 35. a4 Kc4 36. Kd2 d3 37. h5 e3+ 38. Kxe3 Kc3 39. a5 d2 40. b6 axb6 0-1

[Event "10th American Continental"]
[Site "Montevideo URU"]
[Date "2015.05.24"]
[Round "11.40"]
[White "Toledo, Javier"]
[Black "Pichuaga, Juan Pablo"]
[Result "0-1"]
[WhiteElo "1769"]
[BlackElo "2141"]
[WhiteFideId "3007502"]
[BlackFideId "3000451"]
[EventDate "2015.05.15"]
[EventType "swiss"]

1. e4 c6 2. d4 d5 3. exd5 cxd5 4. c4 e6 5. Nc3 Nf6 6. Nf3 Be7 7. c5 O-O 8. b4
Ne4 9. Qc2 f5 10. Bf4 g5 11. Bxb8 Rxb8 12. Bd3 Bf6 13. h3 b6 14. Nb5 bxc5 15.
bxc5 Qa5+ 16. Nd2 Rxb5 17. Bxb5 Qxb5 18. Nxe4 dxe4 19. Rd1 Rd8 0-1

[Event "10th American Continental"]
[Site "Montevideo URU"]
[Date "2015.05.24"]
[Round "11.41"]
[White "Chemin, Justo Reinaldo"]
[Black "Izquierdo, Sebastian"]
[Result "1/2-1/2"]
[WhiteTitle "FM"]
[WhiteElo "2135"]
[BlackElo "2040"]
[WhiteFideId "2101580"]
[BlackFideId "3001610"]
[EventDate "2015.05.15"]
[EventType "swiss"]

1. d4 b6 2. Nf3 Nf6 3. c4 e6 4. e3 Bb7 5. a3 Be7 6. Nc3 O-O 7. Bd3 d6 8. O-O
Nbd7 9. e4 e5 10. d5 Re8 11. h3 g6 12. Nh2 Nh5 13. g3 Bg5 14. Be2 Bxc1 15. Qxc1
Ndf6 16. Qe3 Bc8 17. Kg2 Bd7 18. Bg4 Qc8 19. Bxd7 Qxd7 20. Rae1 Rf8 21. Qh6 Kh8
22. Qe3 Rae8 23. f4 Kg7 24. f5 h6 25. Ne2 g5 26. Rh1 Rg8 27. Ng4 Rh8 28. Nf2 Qa4
29. Rc1 Rhg8 30. Qd3 Kh7 31. Nc3 Qd7 32. Ng4 Kg7 33. Qf3 Nxg4 34. Qxg4 Nf6 35.
Qe2 h5 36. b4 Ra8 37. c5 bxc5 38. bxc5 c6 39. dxc6 Qxc6 40. Qe3 Kh7 1/2-1/2

[Event "10th American Continental"]
[Site "Montevideo URU"]
[Date "2015.05.24"]
[Round "11.42"]
[White "Idiarte Borda, Jorge"]
[Black "Manzi, Luiz Antonio Bardaro"]
[Result "1-0"]
[WhiteElo "2035"]
[BlackElo "2091"]
[WhiteFideId "3000842"]
[BlackFideId "2102641"]
[EventDate "2015.05.15"]
[EventType "swiss"]

1. Nf3 f5 2. d3 Nf6 3. e4 fxe4 4. dxe4 Nxe4 5. Bd3 Nf6 6. Ng5 e6 7. Nxh7 Qe7 8.
Bg6+ Kd8 9. Ng5 c5 10. Nf7+ Kc7 11. Nxh8 Nc6 12. Nf7 d5 13. c3 Bd7 14. Qe2 e5
15. Ng5 Rd8 16. Bc2 Kb8 17. Na3 e4 18. f3 Re8 19. Bf4+ Ka8 20. Nb5 Nh5 21. Bc1
Qe5 22. fxe4 a6 23. Nf7 Qb8 24. Qxh5 axb5 25. O-O dxe4 26. Bf4 Qa7 27. Nd6 1-0

[Event "10th American Continental"]
[Site "Montevideo URU"]
[Date "2015.05.24"]
[Round "11.43"]
[White "Cao, Jorge"]
[Black "Arias Bouzada, Jorge URU"]
[Result "0-1"]
[BlackTitle "CM"]
[WhiteElo "1929"]
[BlackElo "2070"]
[WhiteFideId "3000109"]
[BlackFideId "3000389"]
[EventDate "2015.05.15"]
[EventType "swiss"]

1. d4 c5 2. d5 e5 3. c4 d6 4. e4 g6 5. Nc3 Bg7 6. Bd3 a6 7. a4 Nd7 8. Nf3 Ne7 9.
O-O O-O 10. Be3 h6 11. Qd2 Kh7 12. Ne1 f5 13. f4 fxe4 14. Bxe4 Nf5 15. Bxf5 gxf5
16. Nd3 e4 17. Nf2 Qf6 18. Kh1 Qf7 19. g4 Nf6 20. Rg1 Nxg4 21. Nxg4 fxg4 22.
Nxe4 Qg6 23. Nf2 Bf5 24. Rg3 h5 25. Nh3 Bf6 26. Ng5+ Bxg5 27. fxg5 h4 28. Rg2
Be4 29. Kg1 Bxg2 30. Qxg2 Qf5 31. Rd1 Rae8 32. Bd2 Qf3 0-1

[Event "10th American Continental"]
[Site "Montevideo URU"]
[Date "2015.05.24"]
[Round "11.44"]
[White "Michailov, Matias"]
[Black "Cimer, Emmanuel"]
[Result "1-0"]
[WhiteElo "2137"]
[BlackElo "1982"]
[WhiteFideId "3001571"]
[BlackFideId "137073"]
[EventDate "2015.05.15"]
[EventType "swiss"]

1. e4 c5 2. Nf3 d6 3. d4 cxd4 4. Nxd4 Nf6 5. Nc3 g6 6. Be3 Bg7 7. f3 O-O 8. Qd2
Nc6 9. Bc4 Bd7 10. O-O-O Ne5 11. Bb3 Qa5 12. Kb1 Rfc8 13. h4 Rab8 14. h5 Nxh5
15. g4 Nf6 16. Bh6 Rxc3 17. Bxg7 Kxg7 18. bxc3 Bxg4 19. fxg4 Nexg4 20. Rdf1 Rc8
21. Kb2 h5 22. Rhg1 Rc5 23. Rf4 Re5 24. Qd3 Qb6 25. Rgf1 Ra5 26. Nf3 e5 27. Rxf6
Nxf6 28. Qc4 d5 29. exd5 Rxd5 30. Nxe5 Rxe5 31. Qxf7+ Kh6 32. Rxf6 Qg1 33. Rf1
Qc5 34. Qf4+ Kg7 35. Qd4 Qxd4 36. Rf7+ Kh6 37. cxd4 Re4 38. Kc3 h4 39. Bd5 Rg4
40. Bxb7 h3 41. Rf1 g5 42. d5 Kg6 43. d6 Rh4 44. Rf8 Rh7 45. Be4+ Kg7 46. d7 1-0

[Event "10th American Continental"]
[Site "Montevideo URU"]
[Date "2015.05.24"]
[Round "11.45"]
[White "Andrade, Roberto Luiz Costa"]
[Black "Sopko, Cassio Roberto"]
[Result "1/2-1/2"]
[WhiteTitle "FM"]
[WhiteElo "2177"]
[BlackElo "1930"]
[WhiteFideId "2101521"]
[BlackFideId "2167867"]
[EventDate "2015.05.15"]
[EventType "swiss"]

1. e4 e5 2. Nf3 Nf6 3. Nxe5 d6 4. Nf3 Nxe4 5. d4 d5 6. Bd3 Be7 7. O-O Nc6 8. c4
Nb4 9. Be2 O-O 10. a3 Nc6 11. Nc3 Nf6 12. Re1 h6 13. h3 Be6 14. b3 a6 15. Bf1
Re8 16. Ne5 Rb8 17. Bf4 Bf8 18. g4 Na5 19. c5 Nd7 20. Bg2 Nxe5 21. Bxe5 Nc6 22.
Bg3 g5 23. Bxd5 Bg7 24. Bxe6 fxe6 25. Be5 Nxd4 26. Bxg7 Kxg7 27. Re4 e5 28. b4
Rf8 29. Kg2 1/2-1/2